[Event "Chigorin Mem"]
[Site "St Petersburg RUS"]
[Date "2000.11.10"]
[Round "9"]
[White "Loginov,A"]
[Black "Akimov,I"]
[Result "0-1"]
[WhiteElo "2338"]
[BlackElo "2258"]

1.d4 Nf6 2.c4 g6 3.Nc3 Bg7 4.e4 d6 5.Nf3 O-O 6.Be2 Nbd7 7.O-O e5 8.Rb1 a5
9.Qc2 c6 10.Rd1 Qe7 11.b3 exd4 12.Nxd4 Nc5 13.f3 Nh5 14.g4 Nf6 15.Bf4 Nfd7
16.Qd2 Ne5 17.Kg2 h5 18.h3 hxg4 19.hxg4 f5 20.exf5 gxf5 21.Nxf5 Bxf5 22.gxf5 Rxf5
23.Bg3 Raf8 24.Qxd6 Qxd6 25.Rxd6 Nxf3 26.Rf1 Rg5 27.Rxf3 Bxc3 28.Re3 Be1
29.Bd3 Bf2  0-1

[Event "34th Olympiad Women"]
[Site "Istanbul TUR"]
[Date "2000.11.12"]
[Round "14"]
[White "Galliamova,A"]
[Black "Kachiani,K"]
[Result "0-1"]
[WhiteElo "2526"]
[BlackElo "2448"]

1.d4 Nf6 2.Nf3 g6 3.c4 Bg7 4.Nc3 O-O 5.e4 d6 6.Be2 e5 7.Be3 Ng4 8.Bg5 f6
9.Bh4 g5 10.Bg3 Nh6 11.dxe5 dxe5 12.h4 g4 13.Nh2 Qxd1+ 14.Rxd1 c6 15.O-O Na6
16.a3 Kh8 17.b4 Be6 18.Rd2 Rg8 19.Nd1 f5 20.exf5 Nxf5 21.c5 h5 22.Nc3 Nxg3
23.fxg3 Bh6 24.Rd6 Be3+ 25.Kh1 Nc7 26.Rf6 a5 27.Nf1 Bd4 28.Ne4 axb4 29.axb4 Rgf8
30.Kh2 Kg7 31.Rxf8 Kxf8 32.Ng5 Bg8 33.Rd7 Ra2 34.Bd3 Ne6 35.Rxb7 Nxg5 36.Rb8+ Ke7
37.Rxg8 Nf3+ 38.Kh1 Ne1 39.Rg7+ Kf8 40.Rg8+ Ke7 41.Rg7+ Kf8 42.Rg8+ Kxg8
43.Bc4+ Kf8 44.Bxa2 e4 45.Bc4 Nd3 46.b5 cxb5 47.c6 Ke7 48.Bxb5 Kd8 49.c7+ Kxc7
50.Be8 e3 51.Nxe3 Bxe3 52.Bxh5 Kd6 53.Bg6 Nf2+ 54.Kh2 Ke5 55.Bh5 Bc5 56.Be8 Ne4
57.Bd7 Nf6 58.Bc8 Bf2 59.h5 Be3 60.h6 Bxh6 61.Kg1 Kd6 62.Kh2 Ke7 63.Kh1 Kf7
64.Kh2 Be3 65.Kh1 Bd2 66.Kh2 Kg6 67.Kh1 Kg5 68.Kh2 Be3 69.Kh1 Bf2 70.Kh2 Ne4
71.Kh1 Nxg3+ 72.Kh2 Kh4 73.Ba6 Bb6 74.Bb5 Bc7 75.Bd7 Ne4+ 76.Kg1 Kg3 77.Kh1 Bb6
78.Bc8 Kf4 79.Bd7 Bc5 80.Bc8 Kg3 81.Bd7 Nf2+ 82.Kg1 Nd1+ 83.Kh1 Ne3 84.Bc8 Nd5
85.Bd7 Nf6 86.Bc8 Kf4 87.Be6 Ke3 88.Bc8 Kf2 89.Be6 Bf8 90.Bc8 Kg3 91.Be6 Ne4
92.Bc8 Kf4 93.Be6 Bc5 94.Bc8 Ba7 95.Bd7 Ng3+ 96.Kh2 Ne2 97.Bc8 Bf2 98.Bd7 Bg1+
99.Kh1 Kg3 100.Bc8 Kf2  0-1

[Event "34th Olympiad Women"]
[Site "Istanbul TUR"]
[Date "2000.11.12"]
[Round "14"]
[White "Hernandez,Ya"]
[Black "Tamin,U"]
[Result "1/2-1/2"]
[WhiteElo "2207"]
[BlackElo "2240"]

1.Nf3 Nf6 2.d4 g6 3.c4 Bg7 4.Nc3 d6 5.e4 O-O 6.Be2 e5 7.Be3 Nc6 8.d5 Ne7
9.Nd2 Ne8 10.b4 f5 11.f3 f4 12.Bf2 Rf7 13.c5 g5 14.Nc4 Ng6 15.g3 g4 16.fxg4 f3
17.Bd3 Bxg4 18.h3 Bd7 19.Qb3 h5 20.O-O-O h4 21.Rdg1 hxg3 22.Rxg3 Nf4 23.Qd1 Qf6
24.Be3 Qh4 25.Bf2 Qf6 26.Be3 Qh4 27.Bf2 Qf6 28.Be3  1/2-1/2

[Event "34th Olympiad"]
[Site "Istanbul TUR"]
[Date "2000.11.12"]
[Round "14"]
[White "Karttunen,M"]
[Black "Iuldachev,S"]
[Result "0-1"]
[WhiteElo "2399"]
[BlackElo "2515"]

1.d4 Nf6 2.c4 g6 3.Nc3 Bg7 4.e4 d6 5.Nf3 O-O 6.Be2 e5 7.d5 a5 8.Nd2 Na6 9.h4 Nc5
10.h5 c6 11.g4 cxd5 12.cxd5 a4 13.g5 Ne8 14.b4 axb3 15.Nxb3 Na4 16.Nb5 Nc7
17.Nxc7 Qxc7 18.Be3 Nc3 19.Qc2 Nxd5 20.Qxc7 Nxc7 21.h6 Bh8 22.Rd1 Rxa2 23.Rxd6 Ne6
24.Bc4 Ra4 25.Bxe6 Bxe6 26.Rxe6 fxe6 27.Ke2 Rxe4 28.Nd2 Ra4 29.Rb1 Rf7 30.f3 e4
31.Nxe4 Ra2+ 32.Bd2 Be5 33.Ke1 Ra1 34.Rxa1 Bxa1 35.Ke2 Bd4 36.Bb4 Rf5 37.Bd6 Be5
38.Bb4 Kf7 39.Bd2 Bf4 40.Bc3 Bxg5  0-1

[Event "34th Olympiad"]
[Site "Istanbul TUR"]
[Date "2000.11.12"]
[Round "14"]
[White "Ramsingh,Y"]
[Black "Al Sayed,Mohamad"]
[Result "0-1"]
[WhiteElo "2246"]
[BlackElo "2370"]

1.d4 Nf6 2.c4 g6 3.Nc3 Bg7 4.e4 d6 5.Nf3 O-O 6.Be2 e5 7.dxe5 dxe5 8.Qxd8 Rxd8
9.Bg5 Re8 10.O-O Na6 11.Nd2 c6 12.a3 Nc5 13.b4 Ne6 14.Be3 Nd4 15.Rfc1 Ng4
16.Bxg4 Bxg4 17.f3 Be6 18.Rab1 b6 19.a4 f5 20.Kf1 h6 21.Ne2 a6 22.h3 Red8
23.a5 b5 24.cxb5 cxb5 25.Bxd4 exd4 26.Nf4 Bf7 27.Rc6 Rdc8 28.Rbc1 Bc4+ 29.R6xc4 bxc4
30.Nxc4 fxe4 31.Nd5 d3 32.Ndb6 e3 33.Nxa8 e2+ 34.Ke1 Bb2 35.Nab6 Bxc1 36.g3 Rf8
37.f4 Rxf4  0-1

[Event "72nd ch-GER"]
[Site "Seebad Heringsdorf GER"]
[Date "2000.11.17"]
[Round "1"]
[White "Bunzmann,D"]
[Black "Schramm,C"]
[Result "1-0"]
[WhiteElo "2484"]
[BlackElo "2326"]

1.d4 d6 2.Nf3 g6 3.c4 Bg7 4.Nc3 Nd7 5.e4 e5 6.Be2 Ngf6 7.O-O O-O 8.Qc2 exd4
9.Nxd4 Nc5 10.Be3 Re8 11.f3 a5 12.Rad1 c6 13.Nxc6 bxc6 14.Bxc5 Re6 15.Qd2 Bf8
16.Bf2 Qc7 17.b3 Bb7 18.Bd3 Ree8 19.Kh1 Rab8 20.Bb1 Red8 21.Ba7 Ra8 22.Bd4 Bg7
23.Na4 c5 24.Bf2 Bc6 25.Nc3 a4 26.bxa4 Qa5 27.Bc2 Nd7 28.Be1 Qb4 29.Bb3 Nb6
30.Qd3 Qa3 31.Nb5 Bxb5 32.axb5 Na4 33.Qc2  1-0

[Event "TCh-FIN 00-01"]
[Site "FIN"]
[Date "2000.11.18"]
[Round "4"]
[White "Karttunen,M"]
[Black "Hartikainen,M"]
[Result "1-0"]
[WhiteElo "2468"]
[BlackElo "2277"]

1.d4 Nf6 2.c4 g6 3.Nc3 Bg7 4.e4 O-O 5.Be2 d6 6.Nf3 e5 7.d5 a5 8.Nd2 Na6 9.h4 h5
10.Nf3 c6 11.Ng5 cxd5 12.cxd5 Bd7 13.Be3 Nc5 14.a4 Qb6 15.Nb5 Ng4 16.Bxg4 Bxg4
17.f3 Bd7 18.Qe2 Rfc8 19.g4 hxg4 20.fxg4 Qa6 21.Rc1 Nxa4 22.Nc7 Qxe2+ 23.Kxe2 Bxg4+
24.Kd2 Rab8 25.Ba7 Nc5 26.Rc3 f6 27.Bxc5 dxc5 28.Nge6 Bh6+ 29.Ke1 Kf7 30.Rg1 f5
31.d6 Re8 32.Nxe8 Kxe6 33.d7 Ke7 34.Rxc5 Be3 35.Rxe5+ Kxd7 36.Rg3 Bf4 37.Rd3+ Kc6
38.Rd6+  1-0

[Event "Tch-AUT 2000-01"]
[Site "Gleisdorf AUT"]
[Date "2000.11.18"]
[Round "4"]
[White "Loeffler,S"]
[Black "Beckhuis,G"]
[Result "1-0"]
[WhiteElo "2413"]
[BlackElo "2320"]

1.d4 Nf6 2.Nf3 g6 3.c4 Bg7 4.Nc3 O-O 5.e4 d6 6.Be2 e5 7.Bg5 Na6 8.O-O h6
9.Bh4 Qe8 10.Bxf6 Bxf6 11.c5 Nb8 12.cxd6 cxd6 13.Nd5 Bd8 14.dxe5 dxe5 15.Qc1 Nd7
16.Qxh6 Nb6 17.Nc7 Qe7 18.Nxa8 Nxa8 19.h4 Qf6 20.Rac1 Bd7 21.Rc5 Re8 22.Bc4 Nb6
23.Bb3 Bc6 24.Ng5 Re7 25.Rd1 Bc7 26.h5 Qg7 27.Qxg6  1-0

[Event "Tenkes Kupa"]
[Site "Harkany HUN"]
[Date "2000.11.18"]
[Round "3"]
[White "Farago,I"]
[Black "Tatar Kis,S"]
[Result "1-0"]
[WhiteElo "2486"]
[BlackElo "2376"]

1.d4 Nf6 2.c4 g6 3.Nc3 Bg7 4.e4 d6 5.Be2 O-O 6.Nf3 e5 7.O-O c6 8.d5 Na6 9.Ne1 Nc5
10.f3 cxd5 11.cxd5 Nfd7 12.Be3 a5 13.Nd3 f5 14.Nxc5 Nxc5 15.Bxc5 dxc5 16.Bc4 Rf6
17.a4 Bf8 18.exf5 gxf5 19.Re1 Bd6 20.Nb5 f4 21.Qd2 Qe7 22.Re2 Bd7 23.Nxd6 Qxd6
24.Qc3 Rf5 25.Rae1 Re8 26.Qxa5 Rh5 27.Bb5 b6 28.Qa6 Bc8 29.Qa8 Bd7 30.Qb7 Re7
31.Bxd7 Rxd7 32.Qc8+ Kg7 33.Qe8  1-0

[Event "72nd ch-GER"]
[Site "Seebad Heringsdorf GER"]
[Date "2000.11.18"]
[Round "2"]
[White "Enigk,F"]
[Black "Alber,H"]
[Result "1-0"]
[WhiteElo "2195"]
[BlackElo "2340"]

1.Nf3 Nf6 2.c4 g6 3.Nc3 Bg7 4.e4 O-O 5.d4 d6 6.Be2 e5 7.d5 Na6 8.Be3 Ne8
9.O-O f5 10.Ne1 Nf6 11.exf5 gxf5 12.f4 exf4 13.Bxf4 Nc5 14.Nc2 Nfe4 15.Nd4 Bd7
16.Nxe4 fxe4 17.Be3 Qh4 18.g3 Qe7 19.Rxf8+ Rxf8 20.Bg4 Nd3 21.Qe2 Bxg4 22.Qxg4 Ne5
23.Qe6+ Qf7 24.Rc1 Nf3+ 25.Nxf3 Qxe6 26.dxe6 Rxf3 27.Bxa7 b6 28.Rf1 Rxf1+
29.Kxf1 Bxb2 30.Bb8 Bd4 31.Bxc7 Bc5 32.Bd8 Kf8 33.Bf6 Ke8 34.g4 b5 35.cxb5 d5
36.h4 d4 37.Ke2 d3+ 38.Kd2 Bb4+ 39.Bc3 Be7 40.g5 Bd6 41.Ke3  1-0

[Event "Scaccomatto"]
[Site "Torino ITA"]
[Date "2000.11.23"]
[Round "6"]
[White "Epishin,V"]
[Black "Cebalo,M"]
[Result "1-0"]
[WhiteElo "2567"]
[BlackElo "2520"]

1.d4 Nf6 2.c4 g6 3.Nc3 Bg7 4.e4 d6 5.Nf3 O-O 6.Be2 Na6 7.O-O e5 8.Re1 c6
9.Bf1 Bg4 10.d5 Ne8 11.Be2 c5 12.g3 Nac7 13.Nh4 Bxe2 14.Qxe2 Rb8 15.Ng2 a6
16.a4 b6 17.Bd2 Qd7 18.Rf1 f5 19.exf5 gxf5 20.f4 e4 21.g4 fxg4 22.f5 Rxf5
23.Rxf5 Qxf5 24.Rf1 Qd7 25.Nxe4 b5 26.Nh4 bxc4 27.Nf5 h5 28.Nxg7 Qxg7 29.Bc3 Qg6
30.Qf2 Ng7 31.Qf6 Qxf6 32.Nxf6+ Kh8 33.Re1  1-0

[Event "Mitropa Team Cup"]
[Site "Charleville FRA"]
[Date "2000.11.25"]
[Round "1"]
[White "Sulava,N"]
[Black "Balogh,T"]
[Result "1-0"]
[WhiteElo "2549"]
[BlackElo "2421"]

1.d4 Nf6 2.c4 g6 3.Nc3 Bg7 4.e4 d6 5.Nf3 O-O 6.Be2 e5 7.O-O exd4 8.Nxd4 Re8
9.f3 Nc6 10.Be3 Nh5 11.Nd5 Nxd4 12.Bxd4 Bxd4+ 13.Qxd4 c6 14.Nc3 Nf4 15.Rf2 Qg5
16.Kh1 Rd8 17.Bf1 Ne6 18.Qd2 Qxd2 19.Rxd2 Kf8 20.Rad1 Ke7 21.g3 f6 22.f4 Nc7
23.b3 Be6 24.Bg2 Rd7 25.h4 Bg4 26.Re1 Rad8 27.Kh2 Kf7 28.Nd1 Bxd1 29.Rexd1 Ke7
30.Bh3 Ne6 31.f5 gxf5 32.Bxf5 h6 33.Rf1 Rf8 34.Rdf2 Rdd8 35.Bxe6 Kxe6 36.Rf5 Rd7
37.Kh3 Rg7 38.g4 Rg6 39.b4 b6 40.c5 dxc5 41.bxc5 Rg7 42.e5 Rgf7 43.Rc1 fxe5
44.cxb6 axb6 45.Rxc6+ Kd5 46.Rxf7 Rxf7 47.Rxh6 Rf3+ 48.Kg2 Ra3 49.h5 Rxa2+
50.Kg3 Ra3+ 51.Kh4 Rb3 52.Rh8 Ke6 53.Re8+ Kf6 54.g5+ Kf7 55.Rxe5 Rb1 56.Rf5+ Kg7
57.h6+ Kh7 58.Rf7+ Kg6 59.Rg7+  1-0

[Event "72nd ch-GER"]
[Site "Seebad Heringsdorf GER"]
[Date "2000.11.25"]
[Round "9"]
[White "Knuth,H"]
[Black "Heck,N"]
[Result "1/2-1/2"]
[WhiteElo "2308"]
[BlackElo "2340"]

1.d4 Nf6 2.c4 g6 3.Nc3 Bg7 4.Nf3 O-O 5.e4 d6 6.Be2 e5 7.O-O exd4 8.Nxd4 Re8
9.f3 Nc6 10.Be3 Nh5 11.Nxc6 bxc6 12.g4 Nf6 13.Qd2 c5 14.Bg5 Bb7 15.Rad1 Qc8
16.Kg2 Nd7 17.Nd5 Bxd5 18.cxd5 Qb7 19.b3 a6 20.Rb1 Qb4 21.Rfc1 Qxd2 22.Bxd2 f5
23.gxf5 gxf5 24.Bd3 Ne5 25.Bc2 c6 26.dxc6 Nxc6 27.Bf4 Be5 28.Bxe5 Rxe5 29.Bd3 Ra7
30.Rg1 fxe4 31.fxe4 Rg5+ 32.Kh1 Rxg1+ 33.Rxg1+ Kf7 34.e5 Nxe5 35.Bxh7 a5
36.a4 Rb7 37.Bg8+ Kf6 38.Rf1+ Ke7 39.Rf4 c4 40.bxc4 Rb4 41.h4 Rxa4 42.h5 Ra1+
43.Kg2 Ra2+ 44.Kg3 Ra3+ 45.Kh4 Nf3+ 46.Kg4 Ne5+ 47.Kh4  1/2-1/2

[Event "Mitropa Team Cup"]
[Site "Charleville FRA"]
[Date "2000.11.26"]
[Round "2"]
[White "Jelen,Ig"]
[Black "Balogh,T"]
[Result "1-0"]
[WhiteElo "2423"]
[BlackElo "2421"]

1.d4 Nf6 2.c4 g6 3.Nc3 Bg7 4.e4 d6 5.Nf3 O-O 6.Be2 e5 7.O-O exd4 8.Nxd4 Re8
9.f3 Nc6 10.Be3 Nh5 11.Qd2 Nxd4 12.Bxd4 Nf4 13.Rfd1 Bxd4+ 14.Qxd4 Nxe2+ 15.Nxe2 Be6
16.b3 a5 17.Nc3 Qg5 18.Rd2 a4 19.Nxa4 Rxa4 20.bxa4 Ra8 21.Rb2 b6 22.Rb5 Qf4
23.a5 Bd7 24.axb6 Bxb5 25.b7 Rb8 26.Qa7 Rxb7 27.Qxb7 Bxc4 28.Qxc7 Qe3+ 29.Kh1 Qd4
30.Qb8+ Kg7 31.Qb1 h5 32.a4 h4 33.h3 d5 34.exd5 Bxd5 35.a5  1-0

[Event "Mitropa Team Cup"]
[Site "Charleville FRA"]
[Date "2000.11.26"]
[Round "2"]
[White "Kalod,R"]
[Black "Kozul,Z"]
[Result "1/2-1/2"]
[WhiteElo "2483"]
[BlackElo "2611"]

1.Nf3 Nf6 2.c4 g6 3.Nc3 Bg7 4.e4 d6 5.d4 O-O 6.Be2 e5 7.O-O c6 8.Re1 Na6
9.Rb1 exd4 10.Nxd4 Re8 11.Bf1 Nc5 12.f3 a5 13.Be3 Nh5 14.Qd2 f5 15.exf5 gxf5
16.Bg5 Qd7 17.Bh6 Rxe1 18.Rxe1 Bf6 19.Bg5 Qg7 20.Bxf6 Qxf6 21.Ndb5 Ng7 22.Nxd6 Be6
23.Qf4 b6 24.Rd1 Rf8 25.Qd4 h5 26.g3 Qg6 27.Bg2 f4 28.Nde4 fxg3 29.hxg3 Nxe4
30.Nxe4 Nf5 31.Qe5 Bxc4 32.Nd6 Bd5 33.Nxf5 Rxf5 34.Qc7 Rf7 35.Qb8+ Rf8 36.Qxb6 Qxg3
37.Qf2 Rxf3 38.Qe2 Rf6 39.Rd3 Qxg2+ 40.Qxg2+ Bxg2 41.Kxg2 Kf7 42.Ra3 Rf5
43.Rc3 c5 44.Rc4 Rd5 45.Kf3 Ke6 46.Ra4 Rd3+ 47.Ke2 Rh3 48.Rxa5 Kd6 49.b3 h4
50.Kf2 Rc3 51.Kg2 Kc6 52.Ra4 h3+ 53.Kh2 Kd5 54.Ra5 Kc6 55.Ra4 Rd3 56.Ra5 Kb6
57.Ra4 Kb5 58.Ra8 Kc6  1/2-1/2

[Event "National Chess Congress"]
[Site "Philadelphia USA"]
[Date "2000.11.26"]
[Round "2"]
[White "Shapiro,D"]
[Black "Bonin,J"]
[Result "1/2-1/2"]
[WhiteElo "2293"]
[BlackElo "2407"]

1.d4 Nf6 2.c4 d6 3.Nc3 g6 4.e4 Bg7 5.Nf3 O-O 6.Be2 e5 7.O-O exd4 8.Nxd4 Re8
9.f3 Nc6 10.Be3 Nh5 11.Qd2 Nxd4 12.Bxd4 Nf4 13.Rfd1 Bxd4+ 14.Qxd4 Nxe2+ 15.Nxe2 b6
16.Nc3 Bb7 17.Rac1 Qg5 18.Nd5 Bxd5 19.cxd5 Re7 20.Rc3 f5 21.exf5 Qxf5 22.Rdc1 Rae8
23.h4 Re1+ 24.Rxe1 Rxe1+ 25.Kf2 Re7 26.Re3 Rxe3 27.Kxe3 Qc2 28.g4 c5 29.dxc6 Qxc6
30.Qf6 Qc5+ 31.Kf4 Qc1+ 32.Kg3  1/2-1/2

[Event "FIDE WCh Women KO"]
[Site "New Delhi ITA"]
[Date "2000.11.27"]
[Round "1.1"]
[White "Javakhishvili,L"]
[Black "Kachiani,K"]
[Result "0-1"]
[WhiteElo "2301"]
[BlackElo "2448"]

1.d4 Nf6 2.c4 g6 3.Nc3 Bg7 4.e4 d6 5.Nf3 O-O 6.Be2 e5 7.Be3 Ng4 8.Bg5 f6
9.Bh4 g5 10.Bg3 Nh6 11.dxe5 dxe5 12.h3 Nc6 13.Qxd8 Nxd8 14.Nd5 Ne6 15.Rd1 Re8
16.h4 g4 17.Nh2 c6 18.Ne3 Nc5 19.Nhxg4 Nxe4 20.Bh2 Nxg4 21.Bxg4 Bxg4 22.Nxg4 Rad8
23.Ke2 Nd6 24.Ne3 Bh6 25.Ng4 Kg7 26.Nxh6 Kxh6 27.b3 Ne4 28.Ke3 Nc3 29.Rxd8 Rxd8
30.g4 e4 31.Kf4 Rd3 32.g5+ Kg7 33.Kg4 Rf3 34.gxf6+ Kxf6 35.Bg3 Ne2 36.h5 Nxg3
37.fxg3 Rf2 38.a4 e3 39.Re1 e2 40.h6 Ke5 41.Kh5 Ke4 42.g4 Kf4  0-1

[Event "National Chess Congress"]
[Site "Philadelphia USA"]
[Date "2000.11.27"]
[Round "4"]
[White "Shapiro,D"]
[Black "Rogers,N"]
[Result "0-1"]
[WhiteElo "2293"]
[BlackElo "2261"]

1.d4 Nf6 2.c4 g6 3.Nc3 Bg7 4.e4 d6 5.Nf3 O-O 6.Be2 Nbd7 7.O-O e5 8.Re1 c6
9.Bf1 exd4 10.Nxd4 Ng4 11.Qxg4 Bxd4 12.Qg3 Ne5 13.Rd1 Bb6 14.Na4 Bc7 15.b3 Qe7
16.Ba3 f6 17.c5 d5 18.f4 dxe4 19.fxe5 Bxe5 20.Qe3 Bg4 21.Re1 b5 22.Nc3 Qd7
23.Kh1 Rae8 24.Be2 Bxe2 25.Rxe2 Qg4 26.Rae1 f5 27.Nd1 Qh5 28.Qg1 Bg3 29.Bb2 Rd8
30.Nf2 Rd5 31.Re3 f4 32.Rxg3 fxg3 33.Nxe4 Qh4 34.Nxg3 Rd2 35.Bc3 Rd3 36.Ne4 Qf4
37.Bb2 b4 38.h3 Qh4 39.Re3 Rxe3 40.Qxe3 Rf1+ 41.Kh2 Qe1 42.Qxe1 Rxe1 43.Nf6+ Kf7
44.Nxh7 Re2 45.Ng5+ Ke7 46.Bd4 a5 47.Kg1 Rxa2 48.Nf3 Ke6 49.Be3 Kd5 50.Nd2 a4
51.bxa4 Ra3 52.Kf2 b3 53.Ke2 b2 54.g4 Ra1 55.h4 b1=Q 56.Nxb1 Rxb1 57.h5 gxh5
58.gxh5 Rb4 59.h6 Rxa4 60.Kf3 Ke5 61.Bc1 Kf5 62.Bb2 Rh4 63.Bg7 Rh3+ 64.Kg2 Rh5
65.Kf3 Kg6 66.Bd4 Kxh6 67.Ke4 Kg6 68.Be5 Kf7 69.Bd6 Ke6 70.Kd4 Rh4+ 71.Kc3 Kd5
72.Kb3 Rc4 73.Be7 Kd4 74.Bd6 Kd3 75.Be7 Rc1 76.Kb2 Re1 77.Bd6 Kc4 78.Ka3 Re2
79.Bf8 Re3+ 80.Kb2 Rb3+ 81.Kc2 Rf3 82.Be7 Rf2+ 83.Kb1 Kc3 84.Bd6 Re2 85.Bf8 Rb2+  0-1

[Event "Mitropa Team Cup"]
[Site "Charleville FRA"]
[Date "2000.11.28"]
[Round "4"]
[White "Hauchard,A"]
[Black "Jenni,F"]
[Result "1-0"]
[WhiteElo "2539"]
[BlackElo "2440"]

1.c4 Nf6 2.Nc3 g6 3.e4 d6 4.d4 Bg7 5.Be2 O-O 6.Nf3 e5 7.Be3 h6 8.d5 Ng4 9.Bd2 f5
10.exf5 gxf5 11.h3 Nf6 12.g3 Na6 13.Qc1 Kh7 14.Qc2 Nc5 15.Be3 Qe8 16.Nh4 Kg8
17.O-O-O Bd7 18.g4 fxg4 19.hxg4 Nh7 20.Nf5 Bxf5 21.gxf5 Ng5 22.Rdg1 Qe7 23.Rh5 Rf7
24.Bxg5 hxg5 25.Rhxg5 Kf8 26.Kb1 Qf6 27.Bh5 Rd7 28.b4 Na6 29.Ne4 Qh6 30.a3  1-0

[Event "FIDE WCh Women KO"]
[Site "New Delhi IND"]
[Date "2000.11.30"]
[Round "2.1"]
[White "Matveeva,S"]
[Black "Xie Jun"]
[Result "1/2-1/2"]
[WhiteElo "2440"]
[BlackElo "2568"]

1.d4 Nf6 2.c4 g6 3.Nc3 Bg7 4.e4 d6 5.Nf3 O-O 6.Be2 e5 7.Be3 Ng4 8.Bg5 f6
9.Bh4 Nc6 10.d5 Ne7 11.Nd2 Nh6 12.f3 g5 13.Bf2 f5 14.h3 Ng6 15.g4 fxg4 16.hxg4 Nh4
17.Rh2 c5 18.Be3 Nf7 19.Nf1 Nh8 20.Ng3 N8g6 21.Nf5 a6 22.a4 Bf6 23.Qd2 Nf4
24.Kf2 b6 25.Rb1 a5 26.Rbh1 Ra7 27.Bd1 Ba6 28.b3 Bc8 29.Bc2 Nhg6 30.Kf1 Nh4
31.Qf2 Nfg6 32.Ne2 Kh8 33.Neg3 Rc7 34.Nh5 Bxf5 35.exf5 Nf4 36.Nxf6 Qxf6 37.Be4 h5
38.Qb2 hxg4 39.fxg4 Rh7 40.Qf2 Kg7 41.Qe1 Rh6 42.Bf2 Rfh8 43.Bg3 Kf7 44.Qf2 R8h7
45.Ke1 Nhg2+  1/2-1/2

[Event "FSIMB December"]
[Site "Budapest HUN"]
[Date "2000.12.02"]
[Round "1"]
[White "Zivanic,M"]
[Black "Pinter,G"]
[Result "1/2-1/2"]
[WhiteElo "2300"]
[BlackElo "2384"]

1.d4 Nf6 2.c4 g6 3.Nc3 Bg7 4.e4 d6 5.Nf3 O-O 6.Be2 Na6 7.O-O e5 8.Be3 Ng4
9.Bg5 Qe8 10.h3 h6 11.Bh4 Nf6 12.dxe5 dxe5 13.Qd2 Nh5 14.Nd5 Kh7 15.Be7 Rg8
16.Ba3 Be6 17.Nh2 Nf6 18.Nxf6+ Bxf6 19.b4 Qe7 20.Qc3 c5 21.b5 Nc7 22.Bb2 Rad8
23.Rad1 Bc8 24.Rxd8 Rxd8 25.Nf3 Ne6 26.Re1 Nd4 27.Bf1 b6 28.a4 Qc7 29.g3 Be6
30.Kh2 Kg7 31.Bc1 Rd7 32.Qe3 Nxf3+ 33.Qxf3 Bg5 34.Bb2 f6 35.h4 Bd2 36.Rd1 Qd8
37.Qe2 h5 38.Bh3 Bxh3 39.Kxh3 Bh6  1/2-1/2

[Event "FIDE WCh Women KO"]
[Site "New Delhi IND"]
[Date "2000.12.02"]
[Round "2.3"]
[White "Matveeva,S"]
[Black "Xie Jun"]
[Result "0-1"]
[WhiteElo "2440"]
[BlackElo "2568"]

1.d4 Nf6 2.c4 g6 3.Nc3 Bg7 4.e4 d6 5.Nf3 O-O 6.Be2 e5 7.Be3 Ng4 8.Bg5 f6
9.Bh4 g5 10.Bg3 Nh6 11.c5 g4 12.Nd2 Nc6 13.dxe5 dxe5 14.Nb3 Be6 15.O-O Kh8
16.Bb5 Qe7 17.Nd5 Qf7 18.Bxc6 bxc6 19.Ne3 a5 20.Nd2 Rfd8 21.Qc2 Qd7 22.Ndc4 Qd3
23.Qxd3 Rxd3 24.Rac1 Bf8 25.b3 Nf7 26.Nf5 Bxf5 27.exf5 h5 28.Rfd1 Rd5 29.Ne3 Rdd8
30.Kf1 Nh6 31.Rxd8 Rxd8 32.Ke2 Rd4 33.f3 gxf3+ 34.gxf3 Kg8 35.Be1 a4 36.b4 Rf4
37.Rc4 Rxc4 38.Nxc4 Nxf5 39.Bc3 Bh6 40.Nb2 a3 41.Nc4 Bc1 42.Na5 Ne7 43.Kd3 Kf7
44.Kc2 Bf4 45.h3 Ke6 46.Nc4 Kd5 47.Nxa3 Ng6 48.Be1 Kd4 49.Nb1 Ke3 50.a4 Kxf3
51.a5 Ne7 52.Nc3 Nc8 53.b5 Be3 54.bxc6 Ne7 55.a6 Bxc5 56.Kb3 Nxc6 57.Nd5 f5
58.Nxc7 Ke2 59.Kc4 Bg1 60.Bc3 f4 61.Kd5 Na7 62.Bxe5 f3 63.Bg3 Bh2 64.Bxh2 f2
65.Bd6 f1=Q 66.Bc5 Qf3+ 67.Kd6 Qf4+ 68.Kd7 Qf5+ 69.Ne6 Qd5+ 70.Ke7 Nc6+ 71.Kf6 Qe5+
72.Kf7 Qf5+  0-1

[Event "Belgian Interteams 2000-1"]
[Site "BEL"]
[Date "2000.12.03"]
[Round "4"]
[White "Defize,A"]
[Black "De Wit,D"]
[Result "1/2-1/2"]
[WhiteElo "2271"]
[BlackElo "2184"]

1.d4 Nf6 2.c4 g6 3.Nc3 Bg7 4.e4 d6 5.Be2 O-O 6.Nf3 e5 7.O-O exd4 8.Nxd4 Re8
9.f3 Nc6 10.Be3 Nh5 11.Qd2 f5 12.Nxc6 bxc6 13.exf5 Bxf5 14.g4 Bxc3 15.Qxc3 Qe7
16.Bh6 Qxe2 17.gxh5 Qe5  1/2-1/2

[Event "Mitropa Team Cup"]
[Site "Charleville FRA"]
[Date "2000.12.03"]
[Round "9"]
[White "Kozul,Z"]
[Black "Tratar,M"]
[Result "0-1"]
[WhiteElo "2611"]
[BlackElo "2410"]

1.d4 Nf6 2.c4 g6 3.Nc3 Bg7 4.e4 d6 5.Nf3 O-O 6.Be2 e5 7.O-O Na6 8.Re1 Qe8
9.Bf1 Bg4 10.d5 Nb4 11.Be2 a5 12.Rb1 Na6 13.Be3 Bd7 14.Nd2 Nc5 15.b3 Qe7
16.a3 Ne8 17.Qc1 f5 18.f3 Nf6 19.b4 axb4 20.axb4 Na4 21.Nb5 c6 22.Nc7 Rac8
23.Ne6 Bxe6 24.dxe6 b5 25.Qa3 Qxe6 26.Qb3 Rb8 27.Red1 Rfd8 28.Bg5 Rd7 29.Bd3 d5
30.exd5 cxd5 31.c5 Qc6 32.Re1 Ne8 33.g4 fxg4 34.fxg4 Kh8 35.Bf1 Nc7 36.Bg2 Ne6
37.Be3 e4 38.Kh1 Rf8 39.Rf1 Rdf7 40.Rxf7 Rxf7 41.g5 Rf8 42.Nf1 Nc3 43.Re1 Be5
44.Bd2 Na4 45.Ne3 Nc7 46.Ng4 Bg7 47.Qg3 Ne6 48.Ne5 Qe8 49.Ng4 Nd4 50.Nf6 Bxf6
51.gxf6 Nf5 52.Qc7 Rxf6 53.Bf1 e3 54.Bc1 d4 55.Bg2 Nh4 56.Bb7 Nf3 57.Bxf3 Rxf3
58.Qb7  0-1

[Event "Open"]
[Site "Milan ITA"]
[Date "2000.12.03"]
[Round "1"]
[White "Cazzaniga,W"]
[Black "Bonanno,A"]
[Result "0-1"]
[WhiteElo "2170"]
[BlackElo "2072"]

1.d4 Nf6 2.c4 g6 3.Nc3 Bg7 4.e4 d6 5.Nf3 O-O 6.Be2 e5 7.Be3 exd4 8.Nxd4 Re8
9.f3 c6 10.Qd2 d5 11.exd5 cxd5 12.O-O-O Nc6 13.Nxc6 bxc6 14.Rhe1 Be6 15.Bf1 Qa5
16.Qf2 Rab8 17.g4 Bxg4 18.Bxa7 Ne4 19.Rxe4 dxe4 20.Bxb8 Rxb8 21.fxg4 Bxc3
22.b3 Qa3+ 23.Kb1 Rxb3+  0-1

[Event "FSIMA December"]
[Site "Budapest HUN"]
[Date "2000.12.04"]
[Round "2"]
[White "Dub,Z"]
[Black "Zimmerman,Y"]
[Result "1-0"]
[WhiteElo "2137"]
[BlackElo "2379"]

1.d4 d6 2.Nf3 g6 3.c4 Bg7 4.Nc3 Nf6 5.e4 O-O 6.Be2 Nbd7 7.O-O e5 8.Re1 Re8
9.Bf1 c6 10.d5 Qe7 11.Rb1 a5 12.a3 Nf8 13.b4 cxd5 14.cxd5 Nh5 15.Nd2 f5 16.Nc4 Nf6
17.f3 Rd8  1-0

[Event "Open"]
[Site "Milan ITA"]
[Date "2000.12.04"]
[Round "2"]
[White "Mariano,E"]
[Black "Raineri,V"]
[Result "1/2-1/2"]
[WhiteElo "2093"]
[BlackElo "2136"]

1.d4 Nf6 2.c4 g6 3.Nc3 Bg7 4.e4 d6 5.Nf3 O-O 6.Be2 e5 7.d5 h6 8.h3 Ne8 9.g4 f5
10.gxf5 gxf5 11.exf5 Bxf5 12.Be3 Qf6 13.Qd2 Kh8 14.O-O-O Na6 15.Nh2 Bh7 16.Ng4 Qf5
17.Nxh6 Bxh6 18.Bxh6 Nb4 19.b3 Rf6 20.Be3 c6 21.Rhg1 cxd5 22.Rg5 d4 23.Rxf5 dxc3
24.Rxf6 cxd2+ 25.Bxd2 Nxa2+ 26.Kb2 Nxf6 27.Kxa2 Ne4 28.Be1 Rg8 29.Bg4 Rf8
30.f3 Ng5 31.Rxd6 Nxf3 32.Bc3 Be4 33.Rd7 Re8 34.Rf7 Nd4 35.Bd7 Rg8 36.Bg4 Re8
37.Rf2 Kg7 38.h4 Rf8 39.Rxf8  1/2-1/2

[Event "Open"]
[Site "Milan ITA"]
[Date "2000.12.04"]
[Round "2"]
[White "Laketic,G"]
[Black "Cazzaniga,W"]
[Result "1-0"]
[WhiteElo "2483"]
[BlackElo "2170"]

1.d4 Nf6 2.Nf3 g6 3.c4 Bg7 4.Nc3 O-O 5.e4 d6 6.Be2 e5 7.d5 a5 8.Bg5 h6 9.Bh4 Na6
10.Nd2 Qe8 11.Rb1 Nh7 12.f3 Bd7 13.b3 h5 14.a3 Bh6 15.Bf2 f5 16.b4 axb4 17.axb4 g5
18.c5 g4 19.Nc4 Qg6 20.c6 bxc6 21.dxc6 Be6 22.b5 Nc5 23.Nd5 Kh8 24.exf5 Bxf5
25.Nxc7  1-0

[Event "Open"]
[Site "Milan ITA"]
[Date "2000.12.04"]
[Round "3"]
[White "Vinzoni,A"]
[Black "Gori,A"]
[Result "0-1"]
[WhiteElo "2114"]
[BlackElo "2201"]

1.d4 Nf6 2.c4 d6 3.Nf3 g6 4.Nc3 Bg7 5.e4 O-O 6.Be2 e5 7.d5 a5 8.O-O Nh5 9.g3 Na6
10.Ne1 Bh3 11.Ng2 Nf6 12.Re1 Nd7 13.Be3 f5 14.exf5 gxf5 15.f4 Nf6 16.c5 Ng4
17.cxd6 cxd6 18.Bxg4 Bxg4 19.Qb3 e4 20.Nb5 Nc5 21.Qa3 Nd3 22.Nd4 Qd7 23.Rf1 Rfc8
24.Ne1 Nc5 25.Qc3 Be2 26.Rf2 Bd3 27.Qd2 Ba6 28.Rc1 Qf7 29.Rxc5 Rxc5 30.Ne6 Rb5
31.Nc2 Bxb2 32.Ncd4 Rb4 33.g4 fxg4 34.f5 Bd3 35.Bh6 Bxd4 36.Qg5+ Kh8 37.Nxd4 Rxd4
38.f6 Qg6 39.Bg7+ Kg8 40.f7+ Kxg7 41.f8=Q+ Rxf8 42.Qe7+ Rf7 43.Rxf7+ Qxf7
44.Qg5+ Qg6 45.Qe7+ Kg8 46.Qd8+ Kg7 47.Qd7+ Kf6 48.Qxd6+ Kf5 49.Qd7+ Kg5
50.Qd8+ Qf6 51.Qg8+ Kh6  0-1

[Event "FSIMB December"]
[Site "Budapest HUN"]
[Date "2000.12.05"]
[Round "3"]
[White "Zivanic,M"]
[Black "Kahn,E"]
[Result "1-0"]
[WhiteElo "2300"]
[BlackElo "2346"]

1.d4 Nf6 2.c4 g6 3.Nc3 Bg7 4.e4 d6 5.Nf3 O-O 6.Be2 e5 7.Be3 Bg4 8.d5 c5 9.Nd2 Bxe2
10.Qxe2 Nh5 11.g3 a6 12.a3 Nd7 13.b4 b6 14.Rb1 Bf6 15.Nf3 Qc7 16.O-O Rfc8
17.Rfc1 Qd8 18.Rb2 Rcb8 19.Rcb1 Qc8 20.Nd2 Bd8 21.Qd1 cxb4 22.axb4 b5 23.Rc2 bxc4
24.Na4 Nb6 25.Nxb6 Bxb6 26.Bxb6 Rxb6 27.Nxc4 Rbb8 28.Nxe5 Qe8 29.Nc6 Qxe4
30.Re2 Qc4 31.Rc1 Qb5 32.Nxb8 Rxb8 33.Re4 Nf6 34.Rd4 Re8 35.Qd3 Qa4 36.Kg2 Rb8
37.Qc3 Qa2 38.Rd2  1-0

[Event "Open"]
[Site "Mallorca ESP"]
[Date "2000.12.05"]
[Round "4"]
[White "Franco Ocampos,Z"]
[Black "Braga,F"]
[Result "1/2-1/2"]
[WhiteElo "2512"]
[BlackElo "2455"]

1.c4 Nf6 2.Nc3 g6 3.d4 Bg7 4.e4 d6 5.Be2 O-O 6.Nf3 e5 7.d5 a5 8.O-O Na6 9.Bg5 h6
10.Bh4 Qe8 11.Nd2 Nh7 12.b3 h5 13.f3 Bh6 14.Rb1 Be3+ 15.Kh1 Bc5 16.Qc1  1/2-1/2